LIBRARY ONLINE CATALOGUE

Alternative Dispute Resolution and Access to Justice in Kenya (Record no. 18690)

MARC details
000 -LEADER
fixed length control field 00525nam a22001697a 4500
008 - FIXED-LENGTH DATA ELEMENTS--GENERAL INFORMATION
fixed length control field 210114b xxu||||| |||| 00| 0 eng d
020 ## - INTERNATIONAL STANDARD BOOK NUMBER
International Standard Book Number 9966046079
050 ## - LIBRARY OF CONGRESS CALL NUMBER
Classification number KSK3755
Item number .M85 2015 c.1
100 ## - MAIN ENTRY--PERSONAL NAME
Personal name Muigua, Kariuki
245 ## - TITLE STATEMENT
Title Alternative Dispute Resolution and Access to Justice in Kenya
Statement of responsibility, etc. Kariuki Muigua
260 ## - PUBLICATION, DISTRIBUTION, ETC. (IMPRINT)
Place of publication, distribution, etc. Nairobi
Name of publisher, distributor, etc. Glenwood Publishers
Date of publication, distribution, etc. 2015
300 ## - PHYSICAL DESCRIPTION
Extent xvi, 241p.
650 ## - SUBJECT ADDED ENTRY--TOPICAL TERM
Topical term or geographic name as entry element Dispute resolution
650 ## - SUBJECT ADDED ENTRY--TOPICAL TERM
Topical term or geographic name as entry element Conflict Management
Geographic subdivision Kenya
650 ## - SUBJECT ADDED ENTRY--TOPICAL TERM
Topical term or geographic name as entry element Due process of law
Geographic subdivision Kenya
942 ## - ADDED ENTRY ELEMENTS (KOHA)
Source of classification or shelving scheme Library of Congress Classification
Koha item type General Collection
Holdings
Withdrawn status Lost status Source of classification or shelving scheme Not for loan Home library Current library Date acquired Total Checkouts Total Renewals Full call number Barcode Date last seen Date last checked out Price effective from Koha item type
    Library of Congress Classification   Kabarak, Main Campus Kabarak, Main Campus 14/01/2021 8 3 KSK3755 .M85 2015 c.1 029346 27/11/2025 27/11/2025 14/01/2021 General Collection